000
00338nam a2200145Ia 4500
008
230718s9999 xx 000 0 und d
041
_a
Eng.
082
_a
391.37
_b
DAF-T
100
_a
Daff 9 Andrew
245
4
_a
The treaty of Amsterdam
260
_a
Pakistan
_b
Severt and Normal
_c
1997
300
_a
322
650
_a
Law
999
_c
26532
_d
26532